000 00721nam a22002177a 4500
003 UA-OsUOA
001 119053
007 ta
008 20161003b un ||||| |||| 00| 0 ukr d
100 _aТкаченко Н.
090 _a81
_bТ48
942 _cSA
040 _aUA-OsUOA
_bukr
_cUA-OsUOA
_dUA-OsUOA
245 _aМетодичний комплекс уроків з української мови та літератури
300 _aС.61-87
955 _a0
041 _aukr
080 _a81
773 0 _w119050
_tУкраїнська мова та література
_dК.
_d2016
_g18
650 7 _a8 Мовознавство. Художня література. Літературознавство
_2UDC
999 _c405379
_d405379